Province italiane più a Nord - Statistics

Statistiche generali
  • Questo quiz è stato fatto 130 volte
    91 dall'ultimo reset
  • Il punteggio medio è 13 su 15
Statistiche sulle risposte
Latitudine punto regionale più a Nord Provincia % Corretto
47°05′29″N 12°11′10″E Provincia autonoma di Bolzano
97%
46°31′59″N 11°48′44″E Provincia autonoma di Trento
97%
46°14′22″N 9°16′31″E Provincia di Como
95%
46°38′52″N 12°45′43″E Ente di decentramento regionale di Udine
91%
46°40′50″N 12°30′08″E Ente di decentramento regionale di Belluno
90%
46°21′17″N 10°28′14″E Provincia di Brescia
87%
46°05′29″N 10°05′45″E Provincia di Bergamo
86%
46°38′07″N 10°14′21″E Provincia di Sondrio
86%
46°09′27″N 9°21′43″E Provincia di Lecco
85%
46°27′52″N 8°26′17″E Provincia del Verbano-Cusio-Ossola
82%
46°07′20″N 8°44′34″E Provincia di Varese
81%
46°24′44″N 12°29′56″E Ente di decentramento regionale di Pordenone
79%
46°00′50″N 11°32′23″E Provincia di Vicenza
79%
46°03′05″N 13°29′49″E Ente di decentramento regionale di Gorizia
77%
46°04′57″N 12°19′48″E Provincia di Treviso
76%
Nessun quiz corrispondente trovato
Distribuzione punteggi
Percentuale di utenti per punteggio
Percentile per numero di risposta
I tuoi punteggi nel tempo
Non hai fatto questo quiz dall'ultimo reset